Explotación sexual comercial: instrumento para evaluar la efectividad de las intervenciones dirigidas a niñas, niños y personas adolescentes víctimas /
El artículo "Explotación sexual comercial: Instrumento para evaluar la efectividad de las intervenciones dirigidas a niñas, niños y personas adolescentes víctimas" examina un instrumento diseñado para evaluar la efectividad de las intervenciones dirigidas a las víctimas de explotación sexu...
Gardado en:
| Autor Principal: | |
|---|---|
| Formato: | Desconocido |
| Idioma: | Spanish |
| Publicado: |
Costa Rica :
Universidad de Costa Rica. Escuela de Psicología
|
| Materias: | |
| Etiquetas: |
Engadir etiqueta
Sen Etiquetas, Sexa o primeiro en etiquetar este rexistro!
|
MARC
| LEADER | 00000 a2200000 04500 | ||
|---|---|---|---|
| 001 | 45194 | ||
| 003 | cru CIDCACS/IIS | ||
| 005 | 20230912120431.0 | ||
| 008 | 050630s2008 cr spa d | ||
| 020 | |a 978-9968-930-21-5 | ||
| 022 | |a [sin ISBN] | ||
| 040 | |c cru CIDCACS/IIS | ||
| 090 | |a 02.04.02 C591i | ||
| 100 | |a Claramunt, María Cecilia | ||
| 245 | |a Explotación sexual comercial: |b instrumento para evaluar la efectividad de las intervenciones dirigidas a niñas, niños y personas adolescentes víctimas / |c María Cecilia Claramunt | ||
| 260 | |a Costa Rica : |b Universidad de Costa Rica. Escuela de Psicología | ||
| 300 | |a 54 páginas | ||
| 520 | |a El artículo "Explotación sexual comercial: Instrumento para evaluar la efectividad de las intervenciones dirigidas a niñas, niños y personas adolescentes víctimas" examina un instrumento diseñado para evaluar la efectividad de las intervenciones dirigidas a las víctimas de explotación sexual comercial en el caso de niñas, niños y personas adolescentes. El estudio busca proporcionar un marco de evaluación que permita medir el impacto de las intervenciones en términos de protección, rehabilitación y reintegración social de las víctimas. Se exploran indicadores clave y se proponen criterios para evaluar la eficacia de las intervenciones en este ámbito. El artículo tiene como objetivo contribuir a la mejora de las estrategias y políticas para abordar la explotación sexual comercial de manera efectiva.RAR 02/2023 | ||
| 650 | 0 | |2 OCDE |9 695 |a EXPLOTACION SEXUAL COMERCIAL | |
| 650 | 0 | |2 OCDE |9 3745 |a INTERVENCION DEL ESTADO | |
| 650 | 0 | |2 OCDE |9 928 |a VICTIMAS | |
| 650 | 0 | |2 OCDE |9 3332 |a EVALUACIÓN DE PROGRAMAS | |
| 650 | 0 | |2 UNESCO |9 2822 |a REHABILITACIÓN | |
| 650 | 0 | |2 OCDE |9 125 |a INDICADORES | |
| 650 | 0 | |2 OCDE |9 852 |a POLITICAS SOCIALES | |
| 650 | 0 | |2 OCDE |9 7714 |a IMPACTO | |
| 942 | |2 z |c LI |h 02.04.02 C591i |i 11008 |6 020402_C591I_11008 | ||
| 999 | |c 12269 |d 12269 | ||



